000 00614nam a2200205Ii 4500
003 JO-AjNU
008 230606s9999||||xx |||||||||||||| ||und||
020 _a394-30866-2
040 _aJO-AjNU
_beng
_erda
_cJO-AjNU
041 _aeng
050 1 4 _aPR1263.W55 1969
100 3 _aedited Wine, M.L,
_eauthor
_95521
245 0 0 _a Drama of the English Renalissance
264 3 1 _aNew york :Rondom House ,1969
300 _a784p
336 _atext
_btxt
_2rdacontent
337 _aunmediated
_bn
_2rdamedia
338 _avolume
_bnc
_2rdacarrier
650 4 _aEnglish drama -- Early modern and Elizabethan ,  
_95522
999 _aE2856
_c2854
_d2854